LEADER 01332nam 2200385 450 001 990003002260203316 005 20071030123627.0 010 $a3-540-26004-8 035 $a000300226 035 $aUSA01000300226 035 $a(ALEPH)000300226USA01 035 $a000300226 100 $a20071030d2005----km-y0itay0103----ba 101 0 $aeng 102 $aDE 105 $aa|||||||001yy 200 1 $aWeb and Wireless Geographical Information Systems$e4th International Workshop, W2GIS 2004$eGoyang, Korea, November 2004$erevised Selected Papers$fYong-Jin Kwon...[et al.](Eds.) 210 $aBerlin [etc.]$cSpringer$d[c2005] 215 $aXII, 253 p.$cill.$d24 cm. 225 2 $aLecture notes in computer science$v3428 410 0$12001$aLecture notes in computer science$v3428 454 1$12001 461 1$1001-------$12001 606 0 $aInformatica$xInternet$xCongressi$yGoyang$a2004 676 $a005.12 702 1$aKWON,$bYong-Jin 710 12$aInternational Workshop, W2GIS 2004$d<4. ;$f2004 ;$eGoyand>$0599010 801 0$aIT$bsalbc$gISBD 912 $a990003002260203316 951 $a001 LNCS 3428$b31942/CBS$c001 LNCS$d00112562 959 $aBK 969 $aSCI 979 $aSENATORE$b90$c20071030$lUSA01$h1236 996 $aWeb and Wireless Geographical Information Systems$91024051 997 $aUNISA LEADER 01068nam--2200361---450- 001 990003096670203316 005 20110805113604.0 035 $a000309667 035 $aUSA01000309667 035 $a(ALEPH)000309667USA01 035 $a000309667 100 $a20080416d1958----km-y0itay50------ba 101 $afre 102 $aFR 105 $a||||||||001yy 200 1 $aPieces brillantes$eL' invitatione au château$eColombe$ela répétition ou lamour puni$eCécile ou l'école des pères$fJean Anouilh 210 $aParis$cLa table ronde$d1958 215 $a535 p.$d20 cm 410 0$12001 454 1$12001 461 1$1001-------$12001 700 1$aANOUILH,$bJean$0196483 801 0$aIT$bsalbc$gISBD 912 $a990003096670203316 951 $aII.4.A.169$b2922 DSLL 959 $aBK 969 $aDSLL 979 $aDSLL$b90$c20080416$lUSA01$h1538 979 $aDSLL$b90$c20110805$lUSA01$h1134 979 $aDSLL$b90$c20110805$lUSA01$h1134 979 $aDSLL$b90$c20110805$lUSA01$h1136 996 $aPièces brillantes$9179127 997 $aUNISA